MARC details
| 000 -LEADER |
| fixed length control field |
02978cam a2200493 i 4500 |
| 001 - CONTROL NUMBER |
| control field |
ocn1416627891 |
| 003 - CONTROL NUMBER IDENTIFIER |
| control field |
EG-ScBUE |
| 005 - DATE AND TIME OF LATEST TRANSACTION |
| control field |
20250514091405.0 |
| 008 - FIXED-LENGTH DATA ELEMENTS--GENERAL INFORMATION |
| fixed length control field |
240105s2024 orua f 6 000 1 eng d |
| 020 ## - INTERNATIONAL STANDARD BOOK NUMBER |
| International Standard Book Number |
9781506741406 |
| 035 ## - SYSTEM CONTROL NUMBER |
| System control number |
(OCoLC)ocn1416627891 |
| 040 ## - CATALOGING SOURCE |
| Original cataloging agency |
YDX |
| Language of cataloging |
eng |
| Description conventions |
rda |
| Transcribing agency |
YDX |
| Modifying agency |
WIM |
| -- |
OCLCO |
| -- |
UIU |
| -- |
OCLCO |
| -- |
BDX |
| -- |
VP@ |
| -- |
YDX |
| -- |
IG# |
| -- |
UWB |
| -- |
OCLCO |
| -- |
EG-ScBUE |
| 041 1# - LANGUAGE CODE |
| Language code of text/sound track or separate title |
eng |
| Language code of original and/or intermediate translations of text |
jpn |
| 043 ## - GEOGRAPHIC AREA CODE |
| Geographic area code |
a-ja--- |
| 082 04 - DEWEY DECIMAL CLASSIFICATION NUMBER |
| Classification number |
741.5952 |
| Edition number |
22 |
| Item number |
TAN |
| 100 1# - MAIN ENTRY--PERSONAL NAME |
| Personal name |
Tanabe, Gou, |
| Dates associated with a name |
1975- |
| Relator term |
adapter, |
| -- |
illustrator, |
| -- |
author. |
| 240 10 - UNIFORM TITLE |
| Uniform title |
<a href="Cthulhu no yobigoe Lovecraft kessakushu.">Cthulhu no yobigoe Lovecraft kessakushu.</a> |
| Language of a work |
English |
| 245 10 - TITLE STATEMENT |
| Title |
H.P. Lovecraft's The call of Cthulhu / |
| Statement of responsibility, etc |
adaptation and artwork bu Gou Tanabe ; translated by Zack Davisson ; lettering and touchup Steve Dutro ; editor Carl Gustav Horn. |
| 246 30 - VARYING FORM OF TITLE |
| Title proper/short title |
Call of Cthulhu |
| 250 ## - EDITION STATEMENT |
| Edition statement |
First edition. |
| 264 #1 - PUBLICATION, DISTRIBUTION, ETC. (IMPRINT) |
| Place of publication, distribution, etc |
Milwaukie, OR : |
| Name of publisher, distributor, etc |
Dark Horse Manga, |
| Date of publication, distribution, etc |
2024. |
| 300 ## - PHYSICAL DESCRIPTION |
| Extent |
282 pages : |
| Other physical details |
chiefly illustrations ; |
| Dimensions |
18 cm |
| 336 ## - CONTENT TYPE |
| Content type term |
text |
| Content type code |
txt |
| Source |
rdacontent |
| 336 ## - CONTENT TYPE |
| Content type term |
still image |
| Content type code |
sti |
| Source |
rdacontent |
| 337 ## - MEDIA TYPE |
| Media type term |
unmediated |
| Media type code |
n |
| Source |
rdamedia |
| 338 ## - CARRIER TYPE |
| Carrier type term |
volume |
| Carrier type code |
nc |
| Source |
rdacarrier |
| 500 ## - GENERAL NOTE |
| General note |
Manga format; reads from right to left. |
| 500 ## - GENERAL NOTE |
| General note |
First published in Japan in 2019 by Kadokawa corporation, Tokyo. |
| 500 ## - GENERAL NOTE |
| General note |
Translation of : Cthulhu no yobigoe Lovecraft kessakushu. |
| 500 ## - GENERAL NOTE |
| General note |
Graphic adaptation of Lovecraft's "The Call of Cthulhu"; originally written in English; published February, 1928 in "Weird Tales". |
| 520 ## - SUMMARY, ETC. |
| Summary, etc |
"What links together two bands of worshippers, one deep in the Arctic snows, one hidden in the bayous of Louisiana, is more than their shared practice of blood sacrifice. It is the inhuman phrase they both chant: Ph'nglui mglw'nafh Cthulhu R'lyeh wgah'nagl fhtagn--'In his house at R'lyeh dead Cthulhu waits dreaming.' Now these nightmares will disturb the sanity of Francis Thurston, a young man pursuing an investigation into the cult of Cthulhu that leads to the most forsaken spot in the vast Pacific...and to Earth's supreme terror, the risen corpse-city of R'lyeh. First published in 1928, The Call of Cthulhu, rendered in chilling detail by modern manga horror master Gou Tanabe, is the most famous of all of H.P. Lovecraft's stories, and was the namesake of the acclaimed role-playing game system set within the Cthulhu Mythos."--Back cover. |
| 546 ## - LANGUAGE NOTE |
| Language note |
In English, translated from the Japanese. |
| 650 #7 - SUBJECT ADDED ENTRY--TOPICAL TERM |
| Topical term or geographic name as entry element |
Supernatural |
| Form subdivision |
Comic books, strips, etc. |
| Source of heading or term |
BUEsh |
| 650 #7 - SUBJECT ADDED ENTRY--TOPICAL TERM |
| Topical term or geographic name as entry element |
Cults |
| Form subdivision |
Comic books, strips, etc. |
| Source of heading or term |
BUEsh |
| 650 #7 - SUBJECT ADDED ENTRY--TOPICAL TERM |
| Topical term or geographic name as entry element |
Gods |
| Form subdivision |
Comic books, strips, etc. |
| Source of heading or term |
BUEsh |
| 650 #7 - SUBJECT ADDED ENTRY--TOPICAL TERM |
| Topical term or geographic name as entry element |
Comic books, strips, etc. |
| Geographic subdivision |
Japan |
| Form subdivision |
Translations into English. |
| Source of heading or term |
BUEsh |
| 653 ## - INDEX TERM--UNCONTROLLED |
| Arrived date list |
May2025 |
| Resource For college |
Generalities |
| 655 ## - INDEX TERM--GENRE/FORM |
| Form subdivision |
Reading book |
| 700 1# - ADDED ENTRY--PERSONAL NAME |
| Personal name |
Dutro, Steve, |
| Relator term |
illustrator, |
| -- |
letterer. |
| 700 1# - ADDED ENTRY--PERSONAL NAME |
| Personal name |
Davisson, Zack, |
| Relator term |
translator. |
| 700 1# - ADDED ENTRY--PERSONAL NAME |
| Relationship information |
manga adaptation of (work) |
| Personal name |
Lovecraft, H. P. |
| Fuller form of name |
(Howard Phillips), |
| Dates associated with a name |
1890-1937. |
| Title of a work |
Call of Cthulhu. |
| 700 1# - ADDED ENTRY--PERSONAL NAME |
| Personal name |
Horn , Carl Gustav, |
| Relator term |
editor. |
| 942 ## - ADDED ENTRY ELEMENTS (KOHA) |
| Source of classification or shelving scheme |
Dewey Decimal Classification |
| Koha item type |
Book - Borrowing |